000 00974nam a2200193Ia 4500
008 151121s9999||||xx |||||||||||||| ||und||
082 _a814/ मेहता
082 _bHNW-77651
100 _aमेहता अभय ( ब्रम्हे सुलभा-रुपा)
245 _aवज्रघात (एन्रॉनच्या मगरमिठीत महाराष्ट्र
260 _b"ओरिएंट लाँगमन, मुंबई"
260 _c--
300 _a149
600 _aमेहता अभय ( ब्रम्हे सुलभा-रुपा)
630 _aवज्रघात (एन्रॉनच्या मगरमिठीत महाराष्ट्र
700 _aमेहता अभय ( ब्रम्हे सुलभा-रुपा)
730 _aवज्रघात (एन्रॉनच्या मगरमिठीत महाराष्ट्र
942 _cBOOK
999 _c1259067
_d1259064